Equipos que han ganado la Bundesliga-Muerte súbita - Estadísticas

Estadísticas generales
  • Esta prueba ha sido intentada 81 veces
    34 desde el último reinicio
  • La puntuación promedio es 5 de 14
Answers on the Grid
Answers color-coded by a green-red scale on the quiz's grid according to % correct below.
Hamburgo SV
VfB Stuttgart
Bayern de Múnich
Holstein Kiel
Núremberg
Colonia
FC Augsburg
Borussia Dortmund
Bayer 04 Leverkusen
Borussia Mönchengladbach
Schalke 04
Darmstadt 98
TSV Múnich
Mainz
SV Werder Bremen
St. Pauli
VfL Wolfsburgo
F. C. Colonia
F. C. Kaiserslautern
Eintracht Brunswick
 
Estadísticas de respuestas
Respuesta % Correcto
Bayer 04 Leverkusen
91%
Borussia Dortmund
86%
Bayern de Múnich
82%
Hamburgo SV
55%
Borussia Mönchengladbach
50%
SV Werder Bremen
41%
VfL Wolfsburgo
32%
F. C. Kaiserslautern
27%
VfB Stuttgart
23%
Colonia
14%
Eintracht Brunswick
14%
F. C. Colonia
14%
Núremberg
5%
TSV Múnich
5%
No se encontraron pruebas coincidentes
Distribución de puntuación
Porcentaje de gente con cada puntuación
Porcentaje por número respondido
Historial de tus puntuaciones
No has intentado esta prueba desde el último reinicio